Торфяные месторождения

Sonraí bibleagrafaíochta
Príomhchruthaitheoir: Тюремнов С. Н. Сергей Николаевич
Rannpháirtithe: Оленин А. С. (редактор)
Teanga:Rúisis
Foilsithe / Cruthaithe: Москва, Недра, 1976
Eagrán:3-е изд., перераб. и доп.
Ábhair:
Formáid: LEABHAR
KOHA link:https://koha.lib.tpu.ru/cgi-bin/koha/opac-detail.pl?biblionumber=99236

MARC

LEADER 00000nam0a2200000 4500
001 99236
005 20231031111622.0
035 |a (RuTPU)RU\TPU\book\106462 
090 |a 99236 
100 |a 20060629d1976 m y0rusy50 ca 
101 0 |a rus 
102 |a RU 
105 |a a z 001zy 
200 1 |a Торфяные месторождения  |f С. Н. Тюремнов  |g под ред. А. С. Оленина 
205 |a 3-е изд., перераб. и доп. 
210 |a Москва  |c Недра  |d 1976 
215 |a 488 с.  |c ил. 
320 |a Библиогр.: с. 478-485. 
610 1 |a торфяные месторождения 
610 1 |a изучение 
610 1 |a образование 
610 1 |a растительный покров 
610 1 |a торфообразование 
610 1 |a торфяные залежи 
610 1 |a классификация 
675 |a 553.97  |v 3 
700 1 |a Тюремнов  |b С. Н.  |g Сергей Николаевич 
702 1 |a Оленин  |b А. С.  |4 340 
801 1 |a RU  |b 63413507  |c 20060629  |g PSBO 
801 2 |a RU  |b 63413507  |c 20061030  |g PSBO 
942 |c BK